[Event "BL 8384 Bochum-Solingen"]
[Site "?"]
[Date "1983.??.??"]
[Round "?.2"]
[White "Heinbuch, D."]
[Black "Spassky, B."]
[Result "1/2-1/2"]
[WhiteElo "2280"]
[BlackElo "2605"]
[PlyCount "64"]
[EventDate "1983.??.??"]

1. c4 b6 2. Nc3 Bb7 3. e4 e6 4. g3 f5 5. d3 Bb4 6. Nge2 fxe4 7. Bg2 Nf6 8. O-O
O-O 9. dxe4 Nc6 10. h3 Rb8 11. f4 a6 12. a3 Bxc3 13. Nxc3 d6 14. Be3 Qe8 15.
Qe2 Ne7 16. Kh2 Ba8 17. Rad1 b5 18. c5 d5 19. Bd4 Nxe4 20. Nxe4 dxe4 21. Bxe4
Bxe4 22. Qxe4 Qc6 23. Qxc6 Nxc6 24. Bc3 Rbd8 25. Kg2 Rd5 26. b4 Rfd8 27. Rxd5
Rxd5 28. Re1 Kf7 29. Kf3 Rd3+ 30. Re3 Nd4+ 31. Bxd4 Rxd4 32. Ke2 Kf6 1/2-1/2

[Event "BL 8384 Bochum-Solingen"]
[Site "?"]
[Date "1983.??.??"]
[Round "?.3"]
[White "Lobron, E."]
[Black "Ueter, H."]
[Result "1-0"]
[WhiteElo "2480"]
[BlackElo "2270"]
[PlyCount "81"]
[EventDate "1983.??.??"]

1. e4 c5 2. Nf3 d6 3. d4 cxd4 4. Nxd4 Nf6 5. Nc3 Nc6 6. Bg5 e6 7. Qd2 a6 8.
O-O-O Bd7 9. f4 b5 10. Bxf6 gxf6 11. Kb1 Qb6 12. Nxc6 Bxc6 13. f5 b4 14. Ne2 e5
15. Ng3 Qc5 16. Be2 Ke7 17. Bf3 h5 18. Bxh5 Bh6 19. Qd3 Be3 20. Qb3 Rxh5 21.
Nxh5 a5 22. Rhe1 Bd4 23. Rxd4 Qxd4 24. Qe3 Qxe3 25. Rxe3 Rg8 26. Ng3 d5 27. a3
dxe4 28. axb4 axb4 29. Kc1 Bd5 30. Kd2 Rd8 31. Ke1 Rc8 32. Kd2 Rd8 33. h4 Rg8
34. Ke1 Rg4 35. h5 Kf8 36. Kf2 Rf4+ 37. Kg1 Rg4 38. c4 Bxc4 39. Rxe4 Rxg3 40.
Rxc4 Rb3 41. Rg4 1-0

[Event "BL 8384 Bochum-Solingen"]
[Site "?"]
[Date "1983.??.??"]
[Round "?.4"]
[White "Konikowski, J."]
[Black "Lau, R."]
[Result "0-1"]
[WhiteElo "2390"]
[BlackElo "2395"]
[PlyCount "96"]
[EventDate "1983.??.??"]

1. d4 Nf6 2. c4 e6 3. Nc3 Bb4 4. Qc2 c5 5. dxc5 O-O 6. Nf3 Na6 7. Bd2 Nxc5 8.
e3 b6 9. Be2 Ba6 10. a3 Bxc3 11. Bxc3 Rc8 12. O-O d5 13. Rfd1 Nce4 14. Bb4 Re8
15. Rac1 Nxf2 16. Kxf2 Ng4+ 17. Kg1 Nxe3 18. Qd2 Nxd1 19. Rxd1 Bxc4 20. Nd4 a5
21. Bc3 e5 22. Bg4 Rc7 23. Nf5 Bb3 24. Re1 d4 25. Nxd4 exd4 26. Rxe8+ Qxe8 27.
Qxd4 Qf8 28. Qxb6 Qc5+ 29. Qxc5 Rxc5 30. Kf2 a4 31. Ke3 f6 32. Bf3 Kf7 33. Be4
g6 34. g4 Rc8 35. Kf4 h6 36. h4 Rd8 37. Bf3 Rc8 38. Be4 Rh8 39. Bf3 Rd8 40. Be2
g5+ 41. hxg5 hxg5+ 42. Ke3 Bc2 43. Kf2 Kg6 44. Kg3 Bb3 45. Kf2 Rd6 46. Bf3 f5
47. gxf5+ Kxf5 48. Bb4 Rd8 0-1

[Event "BL 8384 Bochum-Solingen"]
[Site "?"]
[Date "1983.??.??"]
[Round "?.5"]
[White "Dueball, J."]
[Black "Ackermann, H."]
[Result "1-0"]
[WhiteElo "2445"]
[BlackElo "2255"]
[PlyCount "45"]
[EventDate "1983.??.??"]

1. e4 c5 2. Nf3 a6 3. c3 d5 4. exd5 Qxd5 5. d4 cxd4 6. cxd4 Nf6 7. Nc3 Qd8 8.
Be2 e6 9. O-O Nbd7 10. Re1 Be7 11. Ne5 Nxe5 12. dxe5 Qxd1 13. Bxd1 Nd7 14. Bf3
Rb8 15. Bf4 O-O 16. Red1 b5 17. Ne4 Nb6 18. Nd6 Bxd6 19. exd6 Nd7 20. Rac1 Bb7
21. Bxb7 Rxb7 22. Rc7 Rfb8 23. Be3 1-0

[Event "BL 8384 Bochum-Solingen"]
[Site "?"]
[Date "1983.??.??"]
[Round "?.6"]
[White "Sehner, N."]
[Black "Borik, O."]
[Result "1-0"]
[WhiteElo "2315"]
[BlackElo "2395"]
[PlyCount "100"]
[EventDate "1983.??.??"]

1. c4 g6 2. g3 Bg7 3. Bg2 Nc6 4. Nc3 d6 5. e3 h5 6. Nge2 h4 7. gxh4 Rxh4 8. d4
e5 9. d5 Nce7 10. e4 f5 11. exf5 gxf5 12. Qd3 Nf6 13. Rg1 Kf7 14. f4 e4 15. Qg3
Rg4 16. Qf2 c6 17. dxc6 Nxc6 18. Bh3 Nb4 19. Kf1 Nd3 20. Qe3 Rxg1+ 21. Kxg1 Qh8
22. Nb5 Ne8 23. Qg3 Be6 24. Be3 Qh5 25. Qg2 Qf3 26. Bd4 Qxg2+ 27. Kxg2 Bxc4 28.
Bxg7 Bxb5 29. Bc3 Nf6 30. Bxf5 Rg8+ 31. Ng3 Nxf4+ 32. Kf2 d5 33. Rd1 Nd3+ 34.
Ke3 Rh8 35. Rf1 Rh6 36. Bxe4 dxe4 37. Nxe4 Ne5 38. Rxf6+ Rxf6 39. Nxf6 Nc4+ 40.
Kf4 Kg6 41. Ne4 Nb6 42. Bd4 Nc8 43. Ke5 a6 44. Bc5 b6 45. Bd4 Bc6 46. Nd6 Ne7
47. Bxb6 Nd5 48. Bd4 Nb4 49. a3 Nd3+ 50. Ke6 Nf4+ 1-0

[Event "BL 8384 Bochum-Solingen"]
[Site "?"]
[Date "1983.??.??"]
[Round "?.7"]
[White "Werner, D."]
[Black "Wittmann, R."]
[Result "1/2-1/2"]
[WhiteElo "2340"]
[BlackElo "2305"]
[PlyCount "93"]
[EventDate "1983.??.??"]

1. d4 Nf6 2. Nf3 c5 3. c3 e6 4. g3 b6 5. Bg2 Bb7 6. O-O d6 7. dxc5 bxc5 8. Qb3
Qc8 9. Na3 Be7 10. Rd1 O-O 11. Bg5 Nbd7 12. Ne5 Bxg2 13. Nxd7 Qxd7 14. Kxg2
Rfb8 15. Qc2 Qb7+ 16. Kg1 Qxb2 17. Qxb2 Rxb2 18. e4 Rb7 19. Rab1 Rab8 20. Rxb7
Rxb7 21. f3 h6 22. Bxf6 Bxf6 23. Rxd6 Bxc3 24. Nc4 Bd4+ 25. Kf1 Rb4 26. Rd8+
Kh7 27. Nd6 Rb1+ 28. Ke2 Rb2+ 29. Kd1 Rxh2 30. Nxf7 Rxa2 31. f4 Kg6 32. Rd7 Rg2
33. Nd8 Rxg3 34. Nxe6 Kf6 35. Nf8 Re3 36. e5+ Kf5 37. Rf7+ Ke4 38. Ne6 g5 39.
fxg5 hxg5 40. Nxg5+ Kxe5 41. Rxa7 Rg3 42. Re7+ Kd5 43. Ne4 Rg2 44. Nd2 Bc3 45.
Ne4 Bb4 46. Nxc5 Kxc5 47. Re2 1/2-1/2

[Event "BL 8384 Frankfurt-Bamberg"]
[Site "?"]
[Date "1983.??.??"]
[Round "?.1"]
[White "Seppeur, R."]
[Black "Flear, G."]
[Result "0-1"]
[WhiteElo "2310"]
[BlackElo "2380"]
[PlyCount "92"]
[EventDate "1983.??.??"]

1. e4 e5 2. Nf3 Nc6 3. c3 Nf6 4. d4 d6 5. h3 Be7 6. Nbd2 O-O 7. Bd3 Re8 8. O-O
Bf8 9. Re1 g6 10. Nf1 Bg7 11. Ng3 Qe7 12. Be3 Qf8 13. Qd2 Kh8 14. b4 Ng8 15.
Rad1 a6 16. dxe5 Nxe5 17. Nxe5 Bxe5 18. f4 Bf6 19. Bd4 Qh6 20. Bc4 Be6 21. Bf1
Re7 22. Qf2 Qh4 23. e5 dxe5 24. fxe5 Bg5 25. Bc5 Ree8 26. Re4 Qh6 27. Kh2 b6
28. Bd4 Ne7 29. Be2 Nf5 30. Bg4 Nxd4 31. cxd4 Bd5 32. Re2 Rad8 33. Ne4 Bxe4 34.
Rxe4 f5 35. Bxf5 gxf5 36. Qxf5 Rf8 37. Qg4 Be7 38. d5 Rf2 39. Qg3 Qf8 40. d6
cxd6 41. Red4 Rxa2 42. exd6 Bf6 43. Rd5 Re2 44. d7 Rxd7 45. Rxd7 Be5 46. Qxe5+
Rxe5 {ZÜ} 0-1

[Event "BL 8384 Frankfurt-Bamberg"]
[Site "?"]
[Date "1983.??.??"]
[Round "?.2"]
[White "Weidemann, J."]
[Black "Bartsch, B."]
[Result "1-0"]
[WhiteElo "2290"]
[BlackElo "2265"]
[PlyCount "75"]
[EventDate "1983.??.??"]

1. e4 c5 2. c3 Nf6 3. e5 Nd5 4. d4 cxd4 5. cxd4 e6 6. a3 d6 7. Nf3 Nc6 8. Bd3
dxe5 9. dxe5 g6 10. h4 Bg7 11. Qe2 Qc7 12. Bb5 Bd7 13. Bxc6 Bxc6 14. O-O O-O
15. Re1 Rac8 16. h5 a6 17. h6 Bh8 18. Bg5 Bb5 19. Qe4 Qc2 20. Nc3 Qxb2 21. Nxd5
exd5 22. Qh4 Bd3 23. Bf6 Qb6 24. Bxh8 Kxh8 25. Rac1 Rce8 26. Nd4 Be4 27. Rc6
Qd8 28. Qxd8 Rxd8 29. Rc7 Rb8 30. f3 Bd3 31. Rd1 Bc4 32. e6 Kg8 33. Rb1 b5 34.
Nc6 Rb6 35. Re1 f6 36. Rg7+ Kh8 37. e7 Re8 38. Re6 1-0

[Event "BL 8384 Frankfurt-Bamberg"]
[Site "?"]
[Date "1983.??.??"]
[Round "?.3"]
[White "Hartmann, Wo"]
[Black "Bialas, W."]
[Result "0-1"]
[WhiteElo "2290"]
[BlackElo "2345"]
[PlyCount "78"]
[EventDate "1983.??.??"]

1. e4 g6 2. d4 Bg7 3. Nc3 d6 4. f4 c6 5. a4 Qb6 6. Nge2 Nd7 7. a5 Qc7 8. g4
Ngf6 9. Ng3 h6 10. Bd3 Nf8 11. h3 b5 12. e5 dxe5 13. dxe5 N6d7 14. Qf3 a6 15.
Be3 Bb7 16. O-O Ne6 17. Qf2 O-O 18. Nce4 c5 19. c3 Rae8 20. h4 Rd8 21. Rad1 f5
22. exf6 Bxf6 23. Qh2 Bg7 24. f5 Ne5 25. Be2 Rxd1 26. Bxd1 Nc4 27. Bc1 Be5 28.
fxe6 Rxf1+ 29. Kxf1 Bxe4 30. Qe2 Bc6 31. Qd3 Bg7 32. Ne4 Qh2 33. Bf3 Qh3+ 34.
Ke2 Ne5 35. Qe3 c4 36. Qf4 Qxh4 37. Be3 g5 38. Qf5 Ba8 39. Bf2 Qh2 {ZÜ} 0-1

[Event "BL 8384 Frankfurt-Bamberg"]
[Site "?"]
[Date "1983.??.??"]
[Round "?.4"]
[White "Haakert, J."]
[Black "Treppner, G."]
[Result "1/2-1/2"]
[WhiteElo "2305"]
[BlackElo "2345"]
[PlyCount "25"]
[EventDate "1983.??.??"]

1. g3 g6 2. Bg2 Bg7 3. e4 e5 4. Nc3 Ne7 5. d3 O-O 6. Nge2 d6 7. O-O Nbc6 8. Be3
Nd4 9. f4 Nxe2+ 10. Qxe2 exf4 11. Rxf4 Be6 12. Raf1 d5 13. exd5 1/2-1/2

[Event "BL 8384 Frankfurt-Bamberg"]
[Site "?"]
[Date "1983.??.??"]
[Round "?.7"]
[White "Ruehrig, V."]
[Black "Glienke, M."]
[Result "1-0"]
[WhiteElo "2330"]
[BlackElo "2335"]
[PlyCount "71"]
[EventDate "1983.??.??"]

1. e4 c5 2. Nf3 d6 3. d4 cxd4 4. Nxd4 Nf6 5. Nc3 g6 6. Be2 Bg7 7. O-O O-O 8.
Bg5 Nc6 9. Nb3 a6 10. a4 Be6 11. Kh1 Rc8 12. f4 Na5 13. Nd4 Bc4 14. Rf3 Qb6 15.
Rb1 Rfe8 16. b3 Bxe2 17. Ndxe2 Nc6 18. Bxf6 Bxf6 19. Nd5 Qd8 20. Nxf6+ exf6 21.
Nc3 Nb4 22. Qd2 Qb6 23. Rbf1 Rc6 24. h4 h6 25. Rg3 Rc5 26. e5 f5 27. exd6 Rd8
28. Rd1 Rc6 29. d7 Rc7 30. Qe2 Qf6 31. Rd4 Nc6 32. Rd1 Nb4 33. h5 Kg7 34. hxg6
fxg6 35. Qe8 Rcxd7 36. Rxd7+ 1-0

[Event "BL 8384 München 36-Bayern"]
[Site "?"]
[Date "1983.??.??"]
[Round "?.1"]
[White "Pfleger, He"]
[Black "Unzicker, W."]
[Result "1/2-1/2"]
[WhiteElo "2505"]
[BlackElo "2455"]
[PlyCount "44"]
[EventDate "1983.??.??"]

1. d4 Nf6 2. Nf3 d5 3. c4 e6 4. Nc3 Be7 5. Bg5 h6 6. Bh4 O-O 7. e3 b6 8. Be2
Bb7 9. O-O Nbd7 10. Rc1 c5 11. cxd5 Nxd5 12. Bxe7 Qxe7 13. Nxd5 Bxd5 14. Qa4
Rfc8 15. Rc3 cxd4 16. exd4 Rxc3 17. bxc3 a6 18. c4 b5 19. cxb5 axb5 20. Qxb5
Rxa2 21. Bc4 Bxc4 22. Qxc4 Ra8 1/2-1/2

[Event "BL 8384 München 36-Bayern"]
[Site "?"]
[Date "1983.??.??"]
[Round "?.2"]
[White "Bastian, H."]
[Black "Kindermann, S."]
[Result "0-1"]
[WhiteElo "2375"]
[BlackElo "2500"]
[PlyCount "66"]
[EventDate "1983.??.??"]

1. e4 c5 2. Nc3 Nc6 3. g3 g6 4. Bg2 Bg7 5. d3 d6 6. f4 e6 7. Nf3 Nge7 8. O-O
O-O 9. Be3 Nd4 10. Rb1 b6 11. f5 exf5 12. Bxd4 cxd4 13. Nb5 Bb7 14. Re1 fxe4
15. dxe4 Nc6 16. Nbxd4 Nxd4 17. Nxd4 Qg5 18. c3 Rfe8 19. Qd3 Re7 20. Rbd1 Rae8
21. Nb5 Qc5+ 22. Kh1 d5 23. b4 Qc6 24. e5 Rxe5 25. Rxe5 Rxe5 26. Nxa7 Qe8 27.
Rf1 Re1 28. Kg1 Re3 29. Qb5 Qe6 30. c4 Bd4 31. Kh1 Re2 32. c5 Rxa2 33. cxb6
Bxb6 0-1

[Event "BL 8384 München 36-Bayern"]
[Site "?"]
[Date "1983.??.??"]
[Round "?.5"]
[White "Calvo Minguez, R."]
[Black "Koch, R."]
[Result "1-0"]
[WhiteElo "2420"]
[BlackElo "2260"]
[PlyCount "151"]
[EventDate "1983.??.??"]

1. d4 Nf6 2. c4 c5 3. d5 e5 4. Nc3 d6 5. e4 Be7 6. Bd3 O-O 7. Nge2 Ne8 8. a3
Bg5 9. b4 Nd7 10. Bb2 g6 11. Qc2 Ng7 12. g4 Bh4 13. Ng3 Nf6 14. bxc5 dxc5 15.
h3 h5 16. Nce2 Re8 17. f3 Bd7 18. Bc3 b5 19. O-O Nh7 20. Kg2 Qc8 21. f4 f6 22.
f5 gxf5 23. exf5 Ng5 24. Ne4 Nxe4 25. Bxe4 bxc4 26. Bd2 Qa6 27. a4 Rab8 28.
Rfc1 Rec8 29. Qxc4 Qxc4 30. Rxc4 Ne8 31. Rc2 Nd6 32. Nc3 Rb4 33. Bf3 Nc4 34.
Ne4 Nxd2 35. Rxd2 c4 36. Rc2 Bxa4 37. Rxa4 Rxa4 38. d6 Rd8 39. Nc5 Ra3 40. Bd5+
Kh7 41. Nb7 Rg3+ 42. Kf1 Rd7 43. Rxc4 Rd3 44. Bc6 R3xd6 45. Nxd6 Rxd6 46. gxh5
Kh6 47. Be8 Bg5 48. h4 Bf4 49. Rc7 Rd8 50. Bg6 Rh8 51. Ke1 Bg3+ 52. Ke2 Bxh4
53. Rxa7 Bg5 54. Kf3 Bd2 55. Kg4 Bc3 56. Rf7 e4 57. Kf4 e3 58. Kxe3 Bb2 59. Kf4
Bc3 60. Rd7 Be5+ 61. Ke4 Bc3 62. Kd5 Be5 63. Ke6 Bc3 64. Ke7 Be5 65. Rd1 Rg8
66. Be8 Bc3 67. Bf7 Rg7 68. Rd8 Kg5 69. Ke6 Rh7 70. Rg8+ Kf4 71. Bg6 Rh6 72.
Kf7 Kg5 73. Kg7 Bd2 74. Rd8 Be3 75. Re8 Bf4 76. Re2 1-0

[Event "BL 8384 München 36-Bayern"]
[Site "?"]
[Date "1983.??.??"]
[Round "?.6"]
[White "Krause, C."]
[Black "Klundt, K."]
[Result "0-1"]
[WhiteElo "2260"]
[BlackElo "2340"]
[PlyCount "94"]
[EventDate "1983.??.??"]

1. c4 Nf6 2. Nc3 g6 3. e4 d6 4. g3 Bg7 5. Bg2 O-O 6. Nge2 c5 7. O-O Nc6 8. d3
Ne8 9. h3 Nc7 10. f4 f5 11. Be3 Ne6 12. Qd2 Ned4 13. Rad1 Rb8 14. Kh2 a6 15. b3
Qd7 16. exf5 gxf5 17. Bf2 b5 18. Nd5 Nxe2 19. Qxe2 e6 20. Ne3 Nd4 21. Qd2 Bb7
22. Bg1 Rf7 23. Nc2 Kh8 24. Nxd4 cxd4 25. Rc1 e5 26. Rfe1 Re7 27. Bd5 Rbe8 28.
Bf2 bxc4 29. bxc4 Bxd5 30. cxd5 Qb5 31. fxe5 dxe5 32. d6 Rd7 33. Rb1 Qd5 34.
Rb6 Rxd6 35. Reb1 e4 36. Qf4 Rxb6 37. Rxb6 e3 38. Rb8 Rg8 39. Be1 Qxa2+ 40. Kg1
Qe6 41. Rxg8+ Kxg8 42. h4 h6 43. h5 Qd5 44. Qb8+ Kh7 45. Qb6 Qf7 46. Qxa6 Qxh5
47. Qe6 Qf3 0-1

[Event "BL 8384 Lasker-Braunschweig"]
[Site "?"]
[Date "1983.??.??"]
[Round "?.1"]
[White "Eng, H."]
[Black "Wockenfuss, K."]
[Result "1/2-1/2"]
[WhiteElo "2280"]
[BlackElo "2355"]
[PlyCount "27"]
[EventDate "1983.??.??"]

1. d4 Nf6 2. c4 e6 3. Nc3 c5 4. Nf3 cxd4 5. Nxd4 Bb4 6. Bd2 O-O 7. e3 Nc6 8. a3
Be7 9. Be2 d5 10. cxd5 Nxd4 11. exd4 Nxd5 12. Bf3 Bf6 13. Nxd5 exd5 14. Be3
1/2-1/2

[Event "BL 8384 Lasker-Braunschweig"]
[Site "?"]
[Date "1983.??.??"]
[Round "?.2"]
[White "Paulsen, D."]
[Black "Schruefer, G."]
[Result "1-0"]
[WhiteElo "2375"]
[BlackElo "2205"]
[PlyCount "85"]
[EventDate "1983.??.??"]

1. d4 Nf6 2. c4 g6 3. Nf3 Bg7 4. g3 d5 5. cxd5 Nxd5 6. Bg2 O-O 7. O-O Nc6 8. e4
Nb6 9. d5 Na5 10. Nc3 c6 11. dxc6 Nxc6 12. Bf4 Bg4 13. h3 Bxf3 14. Qxf3 Nd4 15.
Qd3 e5 16. Bc1 Qe7 17. Ne2 Rfd8 18. Nxd4 Rxd4 19. Qe2 Rc8 20. Be3 Rdc4 21. Rac1
Rxc1 22. Rxc1 Rxc1+ 23. Bxc1 Nd7 24. Be3 a6 25. Qc4 Nf8 26. Qb3 Ne6 27. Qb6 h6
28. Bf1 Kh7 29. Bc4 Qd7 30. Bd5 Nd8 31. Bc5 Nc6 32. Bxc6 bxc6 33. Qxa6 Qxh3 34.
Qd3 h5 35. a4 h4 36. a5 f5 37. exf5 gxf5 38. Qf3 f4 39. Qh5+ Kg8 40. Qxh4 Qd7
41. a6 Qd1+ 42. Kh2 fxg3+ 43. Qxg3 1-0

[Event "BL 8384 Koblenz-Porz"]
[Site "?"]
[Date "1983.??.??"]
[Round "?.1"]
[White "Hort, V."]
[Black "Doncevic, D."]
[Result "1-0"]
[WhiteElo "2595"]
[BlackElo "2340"]
[PlyCount "79"]
[EventDate "1983.??.??"]

1. Nc3 c5 2. e4 g6 3. Nf3 Bg7 4. d4 cxd4 5. Nxd4 Nc6 6. Be3 Nf6 7. f3 O-O 8.
Nb3 d5 9. exd5 Nb4 10. Qd2 Nfxd5 11. Nxd5 Nxd5 12. O-O-O Be6 13. Bc4 Nc7 14.
Qxd8 Rfxd8 15. Bxe6 Nxe6 16. Na5 Kf8 17. Rxd8+ Nxd8 18. Rd1 Ke8 19. Nb3 Nc6 20.
Nc5 Rd8 21. Rxd8+ Nxd8 22. a4 Be5 23. f4 Bc7 24. Kd2 a6 25. b4 Bd6 26. c4 Bxc5
27. Bxc5 Ne6 28. Be3 Kd7 29. a5 Kc6 30. Kd3 Nc7 31. g4 Ne8 32. Bc5 Nd6 33. Kd4
h5 34. Bxd6 Kxd6 35. g5 f6 36. f5 e5+ 37. Ke3 gxf5 38. g6 f4+ 39. Kf3 Ke6 40.
b5 1-0

[Event "BL 8384 Koblenz-Porz"]
[Site "?"]
[Date "1983.??.??"]
[Round "?.4"]
[White "Trauth, M."]
[Black "Troeger, P."]
[Result "1-0"]
[WhiteElo "2235"]
[BlackElo "2260"]
[PlyCount "89"]
[EventDate "1983.??.??"]

1. Nf3 Nf6 2. c4 e6 3. g3 d5 4. b3 dxc4 5. bxc4 b6 6. Bg2 Bb7 7. O-O Be7 8.
Qa4+ Nbd7 9. Ne5 Bxg2 10. Kxg2 O-O 11. Nc6 Qe8 12. Nxe7+ Qxe7 13. Ba3 c5 14.
Nc3 Qd6 15. Rfd1 Qd4 16. Qb3 Ne5 17. d3 Ng6 18. h3 Qe5 19. d4 cxd4 20. Bxf8
Rxf8 21. Nb5 Qxe2 22. Nxd4 Qe5 23. Qf3 Qc5 24. Rac1 h5 25. Qc6 Qa3 26. Rc2 h4
27. Nf3 hxg3 28. fxg3 e5 29. Re2 Nh5 30. Qd6 Qc3 31. Qd2 Qxc4 32. Re3 e4 33.
Ng5 Qc6 34. Qd7 Qc5 35. Qg4 Nhf4+ 36. gxf4 Qxe3 37. Rf1 Rd8 38. f5 Rd2+ 39. Kh1
Ne5 40. Qh5 Qe2 41. Qh7+ Kf8 42. Ne6+ fxe6 43. Qh8+ Ke7 44. Qxg7+ Nf7 45. f6+ {
ZÜ} 1-0

[Event "BL 8384 Koblenz-Porz"]
[Site "?"]
[Date "1983.??.??"]
[Round "?.6"]
[White "Brueckner, T."]
[Black "Ostermeyer, P."]
[Result "0-1"]
[WhiteElo "2250"]
[BlackElo "2450"]
[PlyCount "106"]
[EventDate "1983.??.??"]

1. d4 Nf6 2. c4 e6 3. Nf3 Bb4+ 4. Nbd2 b6 5. a3 Bxd2+ 6. Bxd2 Bb7 7. Bg5 h6 8.
Bh4 d6 9. e3 Nbd7 10. Bd3 g5 11. Bg3 Ne4 12. Bxe4 Bxe4 13. h4 g4 14. Nd2 Bxg2
15. Rg1 Bb7 16. Qxg4 Nf6 17. Qe2 Qd7 18. h5 Qa4 19. Bh4 Ne4 20. Qf3 Qc2 21.
Nxe4 Bxe4 22. Qf6 Kd7 23. Qxf7+ Kc6 24. Rg7 Rac8 25. Be7 Qxb2 26. Rd1 Qxa3 27.
Qf4 Qa5+ 28. Ke2 Qxh5+ 29. f3 Bc2 30. d5+ Kb7 31. Rc1 e5 32. Qg3 Qf5 33. e4
Bxe4 34. fxe4 Qxe4+ 35. Qe3 Qxe3+ 36. Kxe3 Rcg8 37. Rcg1 Rxg7 38. Rxg7 Ka6 39.
Bh4 Rc8 40. Rg6 Rf8 41. Bg3 h5 42. Rh6 Rg8 43. Be1 Rg4 44. Kd3 Rd4+ 45. Kc3 b5
46. cxb5+ Kxb5 47. Rh7 Rxd5 48. Bf2 c5 49. Rxa7 e4 50. Rb7+ Kc6 51. Re7 Rd3+
52. Kc2 Rf3 53. Bh4 d5 0-1

[Event "BL 8384 Koblenz-Porz"]
[Site "?"]
[Date "1983.??.??"]
[Round "?.7"]
[White "Gerusel, M."]
[Black "Koerholz, L."]
[Result "1/2-1/2"]
[WhiteElo "2390"]
[BlackElo "2260"]
[PlyCount "148"]
[EventDate "1983.??.??"]

1. d4 Nf6 2. c4 d6 3. Nc3 g6 4. e4 Bg7 5. h3 O-O 6. Be3 c5 7. d5 b5 8. cxb5 a6
9. a4 Qa5 10. Qd2 axb5 11. Bxb5 Ba6 12. Rb1 Bxb5 13. axb5 Qb4 14. f3 Nbd7 15.
Nge2 Ne5 16. b3 Ne8 17. O-O Nc7 18. f4 Nd7 19. Qd3 Rfb8 20. Bd2 Nxb5 21. Na4
Qa3 22. Bc1 Qa2 23. e5 dxe5 24. Rb2 Qa3 25. Rc2 Qb4 26. Rc4 Qa5 27. Nxc5 Nxc5
28. Rxc5 Qb6 29. Be3 Nd4 30. Bxd4 exd4 31. Rfc1 Qd6 32. Nxd4 Qxf4 33. Nc6 Rb7
34. b4 Bf6 35. Rf1 Qd6 36. Ra5 Rc8 37. Qc4 Kg7 38. Rc5 Rb6 39. Kh1 Ra8 40. Ra5
Rxb4 41. Qxb4 Qxb4 42. Nxb4 Rxa5 43. Rd1 Rc5 44. Kg1 Be5 45. Kf2 Bd6 46. Kf3
Rb5 47. Nc6 Rb3+ 48. Ke2 Rg3 49. Kf2 Rc3 50. Nd4 Bc5 51. Ke2 Rg3 52. Kf1 Ra3
53. Rd2 Ra1+ 54. Ke2 Ra6 55. Nf3 Kf6 56. Kd3 Ra4 57. Rc2 Ra3+ 58. Kc4 Bd6 59.
Rf2 Bg3 60. Re2 Ra1 61. Nd2 Bc7 62. Kb5 Rc1 63. Nc4 Bd6 64. Rf2+ Kg7 65. Ra2 f5
66. Ra7 Kh6 67. Rd7 Rd1 68. Kc6 Bb4 69. Rb7 Rb1 70. Ne5 Rc1+ 71. Kd7 Ba3 72.
Rb3 Re1 73. Nxg6 hxg6 74. Rxa3 Re5 {.../90/} 1/2-1/2

[Event "BL 8384 Münster-Enger"]
[Site "?"]
[Date "1983.??.??"]
[Round "?.1"]
[White "Short, N."]
[Black "Wiemer, R."]
[Result "1-0"]
[WhiteElo "2475"]
[BlackElo "2290"]
[PlyCount "107"]
[EventDate "1983.??.??"]

1. e4 Nf6 2. e5 Nd5 3. d4 d6 4. Nf3 Bg4 5. Be2 e6 6. O-O Be7 7. h3 Bh5 8. c4
Nb6 9. Nc3 O-O 10. exd6 cxd6 11. Be3 d5 12. c5 Bxf3 13. Bxf3 Nc4 14. Bf4 Nc6
15. b3 N4a5 16. Rc1 b6 17. cxb6 Qxb6 18. Be3 Bf6 19. Na4 Qb4 20. Rc5 Bxd4 21.
Bd2 Bxc5 22. Bxb4 Bxb4 23. Be2 Rfd8 24. f4 Ne7 25. Bd3 g6 26. Qe2 Nac6 27. g4
Rac8 28. h4 d4 29. Nb2 Nd5 30. Nc4 Na5 31. h5 Nxc4 32. bxc4 Ne3 33. hxg6 hxg6
34. Rf2 Bd6 35. f5 exf5 36. gxf5 Rc5 37. Rf3 gxf5 38. Rh3 Kf8 39. Qh5 f4 40.
Qh8+ Ke7 41. Qxd4 Rg8+ 42. Kf2 Rg2+ 43. Kf3 Rgg5 44. Rh6 Rg3+ 45. Ke2 Rg2+ 46.
Ke1 Rg1+ 47. Kd2 Rg2+ 48. Be2 Nxc4+ 49. Ke1 Re5 50. Qxa7+ Kf8 51. Qa8+ Ke7 52.
Qxg2 Bb4+ 53. Kf2 Bc5+ 54. Kf3 1-0

[Event "BL 8384 HSK-Delmenhorst"]
[Site "?"]
[Date "1983.??.??"]
[Round "?.2"]
[White "Chandler, M."]
[Black "Meyer, H."]
[Result "1-0"]
[WhiteElo "2485"]
[BlackElo "2340"]
[PlyCount "79"]
[EventDate "1983.??.??"]

1. e4 c5 2. Nf3 d6 3. d4 cxd4 4. Nxd4 Nf6 5. Nc3 a6 6. a4 e5 7. Nb3 Be6 8. f4
exf4 9. Bxf4 Nc6 10. Bd3 Be7 11. O-O Ng4 12. Nd5 O-O 13. Qd2 Bxd5 14. exd5 Nce5
15. Kh1 Rc8 16. Rae1 Bf6 17. Bf5 Rc7 18. Qd1 Nh6 19. Bxh6 gxh6 20. Re4 Ng6 21.
Nd4 Be5 22. c3 Rc5 23. Nb3 Rc7 24. Qf3 Kh8 25. Nd4 Rg8 26. Qh3 Bg7 27. Bg4 Re8
28. Rxe8+ Qxe8 29. Nf5 Qxa4 30. Nxd6 Be5 31. Bd1 Qa1 32. Ne8 Rc4 33. Be2 Ra4
34. Qc8 Nf4 35. g3 Qxb2 36. gxf4 Qxe2 37. Nd6+ Kg7 38. Rg1+ Kf6 39. Qf5+ Ke7
40. fxe5 1-0

[Event "BL 8384 HSK-Delmenhorst"]
[Site "?"]
[Date "1983.??.??"]
[Round "?.4"]
[White "Cordes, H."]
[Black "Ditt, E."]
[Result "0-1"]
[WhiteElo "2305"]
[BlackElo "2300"]
[PlyCount "90"]
[EventDate "1983.??.??"]

1. d4 g6 2. e4 Bg7 3. g3 d6 4. Bg2 Nd7 5. Ne2 e5 6. Be3 Ne7 7. O-O O-O 8. Nbc3
Nc6 9. f4 Nb6 10. b3 Bg4 11. Qd2 exd4 12. Nxd4 Qf6 13. Ndb5 Bd7 14. e5 dxe5 15.
Bxb6 axb6 16. Qxd7 exf4 17. gxf4 Nd4 18. Rad1 Rad8 19. Qxc7 Qf5 20. Qxb6 Nxb5
21. Nxb5 Rxd1 22. Rxd1 Qxc2 23. Rd8 Qc1+ 24. Bf1 Qxf4 25. Rxf8+ Bxf8 26. Qf2
Qg5+ 27. Qg2 Bc5+ 28. Kh1 Qe3 29. Nc7 h5 30. Nd5 Qd4 31. Bc4 Kg7 32. h3 h4 33.
Nc7 Qe5 34. Nb5 Qe3 35. Qf1 Qe4+ 36. Kh2 f5 37. Qg2 Qe5+ 38. Kh1 Kh6 39. Be2
Qa1+ 40. Bf1 Qe5 41. Qxb7 Qe3 42. Qg2 f4 43. Be2 f3 44. Bxf3 Qe1+ 45. Kh2 Bf2
0-1

[Event "BL 8384 HSK-Delmenhorst"]
[Site "?"]
[Date "1983.??.??"]
[Round "?.5"]
[White "Tielemann, K."]
[Black "Gruenberg, Ra"]
[Result "1/2-1/2"]
[WhiteElo "2225"]
[BlackElo "2265"]
[PlyCount "152"]
[EventDate "1983.??.??"]

1. d4 Nf6 2. c4 g6 3. Nc3 d5 4. Nf3 Bg7 5. e3 O-O 6. cxd5 Nxd5 7. Bc4 Nxc3 8.
bxc3 c5 9. O-O Qc7 10. Qe2 Bg4 11. Ba3 Nd7 12. Rac1 Qa5 13. Bb2 Nb6 14. Bd3
Qxa2 15. Ra1 Qe6 16. h3 Bxf3 17. Qxf3 Nc4 18. Qe2 Nxb2 19. Qxb2 c4 20. Be2 Rfb8
21. Qb4 Qd7 22. Bxc4 Rc8 23. Be2 b6 24. Bb5 Qd6 25. Qxd6 exd6 26. c4 a5 27. Ra4
Bf6 28. Rb1 Ra7 29. Kf1 Bd8 30. Ke2 Re7 31. Kd3 f5 32. f3 Bc7 33. Ra2 Kg7 34.
g4 Rf8 35. g5 h6 36. gxh6+ Kf6 37. Rc1 Rh8 38. c5 dxc5 39. dxc5 Rxh6 40. cxb6
Bxb6 41. Rc6+ Re6 42. Rxe6+ Kxe6 43. Rc2 Ke7 44. Rc6 Bd8 45. h4 Kf7 46. Bc4+
Kg7 47. Ra6 Rxh4 48. Ra8 Rh8 49. Ra7+ Kh6 50. Ra6 Rf8 51. e4 fxe4+ 52. Kxe4 Kg5
53. Bd3 Kh5 54. Kd5 g5 55. Be4 Kh4 56. Ra8 Kg3 57. Kc4 Kf4 58. Bc6 Ke3 59. Bd5
Rh8 60. Bc6 Rh4+ 61. Be4 Bb6 62. Kb5 Rh6 63. Bc6 Bc7 64. Ra7 Rh7 65. Ba8 Rh8
66. Bc6 Rc8 67. Ra8 Rxa8 68. Bxa8 Kd4 69. Ka4 Bd8 70. Bb7 Kc5 71. Ba8 Kb6 72.
Be4 Be7 73. Bd5 Bb4 74. Ba8 Ka7 75. Be4 Kb8 76. Bd5 Kc7 {.../95/} 1/2-1/2

[Event "BL 8384 HSK-Delmenhorst"]
[Site "?"]
[Date "1983.??.??"]
[Round "?.6"]
[White "Hess, C."]
[Black "Hickl, T."]
[Result "1-0"]
[WhiteElo "2230"]
[BlackElo "2300"]
[PlyCount "111"]
[EventDate "1983.??.??"]

1. d4 Nf6 2. c4 e6 3. Nf3 b6 4. g3 Bb7 5. Bg2 Bb4+ 6. Bd2 Qe7 7. O-O O-O 8. Bf4
d5 9. c5 bxc5 10. a3 Ba5 11. dxc5 Qxc5 12. b4 Qe7 13. bxa5 c5 14. Nc3 Nbd7 15.
Rb1 Bc6 16. Ne5 Nxe5 17. Bxe5 Rfd8 18. Qc2 Ng4 19. Bf4 e5 20. Bd2 Nf6 21. Rfd1
h6 22. Na4 Bxa4 23. Qxa4 Rab8 24. a6 e4 25. Bf4 Rxb1 26. Rxb1 g5 27. Rb7 Rd7
28. Rxd7 Qxd7 29. Qxd7 Nxd7 30. Bh3 gxf4 31. Bxd7 c4 32. gxf4 c3 33. Ba4 f5 34.
e3 Kf7 35. Kf1 Kg6 36. Ke2 Kh5 37. Bd7 Kg4 38. h3+ Kxh3 39. Bxf5+ Kg2 40. Bg4
c2 41. Kd2 Kxf2 42. f5 c1=Q+ 43. Kxc1 Kxe3 44. f6 Kf4 45. Bd1 d4 46. f7 d3 47.
f8=Q+ Ke3 48. Qxh6+ Kd4 49. Qg7+ Kc4 50. Qxa7 e3 51. Qxe3 Kb5 52. Qxd3+ Ka5 53.
Be2 Kb6 54. Qb5+ Kc7 55. Qc5+ Kb8 56. Qc6 1-0